| 000 | 00788cab a2200229 4500 | ||
|---|---|---|---|
| 001 | WB3437-16 | ||
| 008 | 090401t1998 xxu||||| |||| 00| 0 eng d | ||
| 035 | _a(Sirsi) u88760 | ||
| 041 | _aeng | ||
| 245 | _aAirport developments | ||
| 260 | _c1998 | ||
| 350 | _a0 | ||
| 490 |
_aFinancial Times _v30 September 1998, 12(1) |
||
| 520 | _aTwo separate airport developments in the north of England could create up to 6000 jobs in the region. A new passenger terminal is to be built at Liverpool Airport and RAF Finningley, near Doncaster is to be developed as a commercial airport. | ||
| 650 | _aAIRPORT DEVELOPMENT | ||
| 650 | _aLIVERPOOL AIRPORT | ||
| 650 | _aNORTH OF ENGLAND | ||
| 650 | _aRAF FINNINGLEY | ||
| 690 | _aECONOMIC AND SOCIAL | ||
| 942 | _n0 | ||
| 948 | _c30/09/1998 | ||
| 999 |
_c56113 _d56113 |
||